000 00530nam a2200217Ia 4500
003 OSt
005 20220928150214.0
006 a|||||r|||| 00| 0
007 ta
008 220927b |||||||| |||| 00| 0 eng d
024 _a89017
037 _cTextual
040 _aSDCL
_cSDCL
_beng
041 _2eng
_aeng
082 _aQ.2'N, P1
100 _aDube Krishanan
_9515708
245 0 _aBharat ke dharm aur darshan.
260 _c2001
942 _hQ.2'N, P1
_cTEXL
_2CC
999 _c840765
_d840765